[Event "25. Torneo San Viator 2015 - Torneo B"]
[Site "Madrid ESP"]
[Date "2015.10.11"]
[Round "2.17"]
[White "Hernandez Herrera, Rodolfo"]
[Black "Castro Uceda, Jose Antonio"]
[Result "0-1"]
[WhiteElo "1300"]
[BlackElo "1582"]
[PlyCount "65"]
[EventDate "2015.10.04"]
[EventType "swiss"]
[EventRounds "9"]
[EventCountry "ESP"]
[Source "lmi"]
[SourceDate "2015.10.04"]

1. c4 c5 2. Nc3 e6 3. Nf3 d5 4. e3 Nc6 5. d4 Nf6 6. b3 Be7 7. Bb2 O-O 8. Be2
Qa5 9. O-O cxd4 10. exd4 Bb4 11. Qd3 Bxc3 12. Bxc3 Qc7 13. Ne5 Nxe5 14. dxe5
Ne4 15. f4 b5 16. Bb4 Rd8 17. cxb5 Qb6+ 18. Kh1 Nf2+ 19. Rxf2 Qxf2 20. Rf1 Qb6
21. a4 Bb7 22. a5 Qc7 23. a6 Bc8 24. Bd6 Qa5 25. Qc2 Bd7 26. Bc7 Rac8 27. Bxa5
Rxc2 28. Bxd8 Rxe2 29. b6 axb6 30. Bxb6 Ra2 31. a7 Bc6 32. Rc1 d4 33. Rxc6 0-1

[Event "25. Torneo San Viator 2015 - Torneo B"]
[Site "Madrid ESP"]
[Date "2015.10.11"]
[Round "2.18"]
[White "Martin Garcia, Francisco Javie"]
[Black "Garcia Pardo, Maria Del Carmen"]
[Result "1-0"]
[WhiteElo "1578"]
[BlackElo "1322"]
[PlyCount "125"]
[EventDate "2015.10.04"]
[EventType "swiss"]
[EventRounds "9"]
[EventCountry "ESP"]
[Source "lmi"]
[SourceDate "2015.10.04"]

1. d4 Nf6 2. Nf3 e6 3. g3 b6 4. Bg2 Bb7 5. O-O d5 6. c4 Nbd7 7. b3 Be7 8. Bb2
O-O 9. Nbd2 Rc8 10. Qb1 Re8 11. Ne5 c6 12. e4 c5 13. Nxd7 Nxd7 14. exd5 exd5
15. cxd5 Bf8 16. Qf5 Nf6 17. dxc5 Rxc5 18. Bxf6 Qxf6 19. Qxf6 gxf6 20. Ne4 Rxe4
21. Bxe4 Bxd5 22. Bxd5 Rxd5 23. Rfd1 Rxd1+ 24. Rxd1 Bc5 25. Kg2 Kg7 26. f3 Kg6
27. h3 f5 28. Kf1 a5 29. Ke2 h6 30. Rd5 f6 31. Rxc5 bxc5 32. Kd3 Kg5 33. f4+
Kg6 34. Kc4 Kf7 35. Kxc5 Ke7 36. Kb5 Kd7 37. Kxa5 Kc7 38. Kb5 Kb7 39. Kc5 Kc7
40. a4 Kb7 41. Kd6 Kc8 42. Ke7 Kc7 43. Kxf6 Kd6 44. Kxf5 Kd5 45. a5 Kc6 46. Ke6
Kb5 47. b4 Kc6 48. f5 Kc7 49. Ke7 Kc6 50. f6 h5 51. f7 h4 52. gxh4 Kc7 53. f8=Q
Kc6 54. h5 Kd5 55. h6 Kc6 56. h7 Kd5 57. Qd8+ Ke4 58. h8=Q Ke3 59. Qdd4+ Kf3
60. Qhf6+ Kg3 61. Qg4+ Kh2 62. Qf2+ Kh1 63. Qgg2# 1-0

[Event "25. Torneo San Viator 2015 - Torneo B"]
[Site "Madrid ESP"]
[Date "2015.10.11"]
[Round "2.20"]
[White "Guillo Sanchez-Galiano, Ernest"]
[Black "Rodriguez Larrinaga, Mikel"]
[Result "0-1"]
[WhiteElo "1201"]
[BlackElo "1638"]
[PlyCount "98"]
[EventDate "2015.10.04"]
[EventType "swiss"]
[EventRounds "9"]
[EventCountry "ESP"]
[Source "lmi"]
[SourceDate "2015.10.04"]

1. d4 d5 2. Nf3 Nf6 3. h3 e6 4. Bf4 c5 5. e3 Be7 6. c4 O-O 7. Bd3 Nbd7 8. Ne5
cxd4 9. exd4 dxc4 10. Bxc4 Nd5 11. Bh2 N7f6 12. O-O a6 13. Nd2 Bd6 14. Ndf3 b5
15. Bd3 Bb7 16. a3 Re8 17. Rc1 Qb6 18. Bb1 Ne7 19. Re1 Bxf3 20. Nxf3 Bxh2+ 21.
Kxh2 Qd6+ 22. Ne5 Red8 23. Be4 Nxe4 24. Rxe4 f6 25. f4 fxe5 26. fxe5 Qd7 27.
Qh5 Ng6 28. Rf1 Rf8 29. Rxf8+ Rxf8 30. Qg4 Qf7 31. d5 exd5 32. e6 Qe7 33. Rd4
Qd6+ 34. Kg1 Rf4 35. Rxf4 Qxf4 36. e7 Qe3+ 37. Kh2 Nxe7 38. Qf3 Qxf3 39. gxf3
Kf7 40. b4 Kf6 41. Kg2 Kf5 42. Kg3 d4 43. Kf2 Kf4 44. Ke2 g5 45. Kd3 Nc6 46.
Ke2 h5 47. Kf2 d3 48. Ke1 Kxf3 49. Kd2 Ke4 0-1

[Event "25. Torneo San Viator 2015 - Torneo B"]
[Site "Madrid ESP"]
[Date "2015.10.11"]
[Round "2.22"]
[White "Blanco Ruiz, Cesar"]
[Black "Perez Ramos, Miguel Angel"]
[Result "1-0"]
[WhiteElo "1630"]
[BlackElo "1256"]
[PlyCount "53"]
[EventDate "2015.10.04"]
[EventType "swiss"]
[EventRounds "9"]
[EventCountry "ESP"]
[Source "lmi"]
[SourceDate "2015.10.04"]

1. d4 d5 2. Bg5 h6 3. Bh4 Nf6 4. Bxf6 exf6 5. e3 Bf5 6. Nd2 Nc6 7. a3 Bd7 8. g3
f5 9. Ne2 Be6 10. Bg2 Bd6 11. Rc1 Be7 12. Nf4 g6 13. Qf3 Bd6 14. Nxd5 Ne7 15.
Nxe7 Kxe7 16. c4 c6 17. O-O a5 18. Rfe1 a4 19. e4 Ra5 20. Rcd1 Qb6 21. Qc3 Qa7
22. d5 Bd7 23. Qxh8 Qb6 24. exf5+ Be6 25. fxe6 cxd5 26. exf7+ Kxf7 27. Bxd5+
1-0

[Event "25. Torneo San Viator 2015 - Torneo B"]
[Site "Madrid ESP"]
[Date "2015.10.11"]
[Round "2.23"]
[White "Arevalo Estriegana, Jorge"]
[Black "Hidalgo Prado, David"]
[Result "0-1"]
[WhiteElo "1250"]
[BlackElo "1597"]
[PlyCount "58"]
[EventDate "2015.10.04"]
[EventType "swiss"]
[EventRounds "9"]
[EventCountry "ESP"]
[Source "lmi"]
[SourceDate "2015.10.04"]

1. e4 e6 2. d4 d5 3. exd5 exd5 4. Nc3 c6 5. Nf3 Bd6 6. Bd3 Ne7 7. O-O O-O 8.
Bg5 f6 9. Be3 Nf5 10. Re1 Nxe3 11. fxe3 f5 12. Ne2 g6 13. c4 Nd7 14. Qb3 Nb6
15. Nc3 Kg7 16. cxd5 Nxd5 17. Nxd5 cxd5 18. Kh1 Bc7 19. Rac1 Bb6 20. Ne5 Be6
21. Be2 Rc8 22. Bf3 Rxc1 23. Rxc1 Qd6 24. h3 Rb8 25. Kg1 f4 26. Bg4 Bxg4 27.
Nxg4 fxe3 28. Qxe3 Rf8 29. Qe5+ Qxe5 0-1

[Event "25. Torneo San Viator 2015 - Torneo B"]
[Site "Madrid ESP"]
[Date "2015.10.11"]
[Round "2.24"]
[White "Trapero Bueno, Vicente"]
[Black "Insua Rodriguez, Antonio"]
[Result "1/2-1/2"]
[WhiteElo "1237"]
[BlackElo "1431"]
[PlyCount "53"]
[EventDate "2015.10.04"]
[EventType "swiss"]
[EventRounds "9"]
[EventCountry "ESP"]
[Source "lmi"]
[SourceDate "2015.10.04"]

1. d4 d5 2. c4 e6 3. Nc3 Nf6 4. cxd5 exd5 5. Bg5 Be7 6. e3 O-O 7. Bd3 Nbd7 8.
Nge2 Re8 9. O-O c6 10. f3 h6 11. Bh4 c5 12. dxc5 Bxc5 13. Nxd5 Bxe3+ 14. Nxe3
Rxe3 15. Rc1 Qe7 16. Rc7 Qe5 17. Qc1 Nb6 18. f4 Qd6 19. Qxe3 Qxc7 20. Bxf6 gxf6
21. Qe8+ Kg7 22. f5 Bxf5 23. Qe3 Nd5 24. Qg3+ Qxg3 25. Nxg3 Bxd3 26. Rd1 Bc4
27. b3 1/2-1/2

[Event "25. Torneo San Viator 2015 - Torneo B"]
[Site "Madrid ESP"]
[Date "2015.10.11"]
[Round "2.25"]
[White "Aranda Perez, Ivan"]
[Black "Coronado Riscos, Hector"]
[Result "1-0"]
[WhiteElo "1420"]
[BlackElo "1102"]
[PlyCount "61"]
[EventDate "2015.10.04"]
[EventType "swiss"]
[EventRounds "9"]
[EventCountry "ESP"]
[Source "lmi"]
[SourceDate "2015.10.04"]

1. e4 d6 2. d4 Nf6 3. Nc3 g6 4. f4 e6 5. Nf3 Bg7 6. Be2 O-O 7. e5 Nd5 8. Nxd5
exd5 9. O-O h6 10. c3 Re8 11. Be3 f6 12. Qd2 f5 13. Bf2 Bf8 14. Bh4 Be7 15.
Bxe7 Qxe7 16. Qe1 b6 17. Qg3 Kg7 18. Bd3 c5 19. Nh4 Qf7 20. Qh3 Re6 21. Rf3 c4
22. Bc2 Re8 23. Rg3 Rg8 24. Rxg6+ Qxg6 25. Nxg6 Kxg6 26. exd6 Kh7 27. Bxf5+
Bxf5 28. Qxf5+ Rg6 29. Re1 Nc6 30. Qd7+ Rg7 31. Qxc6 1-0

[Event "25. Torneo San Viator 2015 - Torneo B"]
[Site "Madrid ESP"]
[Date "2015.10.11"]
[Round "2.26"]
[White "Ingunza Curro, Alvaro"]
[Black "Martin Rodriguez, Jose Luis"]
[Result "1/2-1/2"]
[WhiteElo "1101"]
[BlackElo "1413"]
[PlyCount "39"]
[EventDate "2015.10.04"]
[EventType "swiss"]
[EventRounds "9"]
[EventCountry "ESP"]
[Source "lmi"]
[SourceDate "2015.10.04"]

1. d4 Nf6 2. Nf3 e6 3. Bf4 d5 4. e3 Bd6 5. Bg3 h5 6. Nbd2 b6 7. Bd3 Ba6 8. Qe2
Bxd3 9. Qxd3 Bxg3 10. hxg3 Qd6 11. O-O Nbd7 12. c3 c5 13. Rfe1 c4 14. Qc2 a5
15. e4 dxe4 16. Nxe4 Nxe4 17. Qxe4 O-O-O 18. Qa8+ Qb8 19. Qc6+ Qc7 20. Qb5
1/2-1/2

[Event "25. Torneo San Viator 2015 - Torneo B"]
[Site "Madrid ESP"]
[Date "2015.10.11"]
[Round "2.27"]
[White "Garcia Pardo, Celia"]
[Black "Jimenez Perez, Federico"]
[Result "0-1"]
[WhiteElo "1020"]
[BlackElo "1371"]
[PlyCount "120"]
[EventDate "2015.10.04"]
[EventType "swiss"]
[EventRounds "9"]
[EventCountry "ESP"]
[Source "lmi"]
[SourceDate "2015.10.04"]

1. e4 c5 2. Nf3 g6 3. d4 cxd4 4. Nxd4 Bg7 5. Nc3 Nc6 6. Be3 Nf6 7. Be2 O-O 8.
Qd2 d6 9. h3 d5 10. exd5 Nxd5 11. O-O-O Nxc3 12. Qxc3 Qd6 13. Nb5 Qxd1+ 14.
Rxd1 Bxc3 15. bxc3 Be6 16. Bh6 Rfd8 17. Nc7 Rxd1+ 18. Bxd1 Rc8 19. Nxe6 fxe6
20. Bg4 Kf7 21. h4 Ne5 22. Bh3 Rxc3 23. Be3 Ra3 24. Kb1 Ra4 25. f4 Nc4 26. Bc1
Rb4+ 27. Ka1 Kf6 28. g4 e5 29. a3 Rb5 30. Bf1 Rc5 31. Ka2 exf4 32. Bxf4 Ne5 33.
Be3 Rxc2+ 34. Kb3 Rc7 35. Bxa7 b6 36. Bb8 Rb7 37. Bxe5+ Kxe5 38. h5 gxh5 39.
gxh5 h6 40. Bg2 Rb8 41. Kb4 Kd4 42. Bh3 e5 43. Bg4 e4 44. a4 e3 45. Be2 Ke4 46.
Kb5 Kd4 47. Kb4 Ke4 48. Kb5 Kf4 49. Kb4 Kg3 50. Kb5 Kf2 51. Bg4 e2 52. Bxe2
Kxe2 53. a5 bxa5+ 54. Kxa5 Kd3 55. Ka6 Kc4 56. Ka7 Rb5 57. Ka6 Kc5 58. Ka7 Kc6
59. Ka8 Kc7 60. Ka7 Ra5# 0-1

[Event "25. Torneo San Viator 2015 - Torneo B"]
[Site "Madrid ESP"]
[Date "2015.10.12"]
[Round "3.1"]
[White "Mateos Cordero, Francisco"]
[Black "Jimenez Alvaro, Angel"]
[Result "1-0"]
[WhiteElo "1627"]
[BlackElo "1742"]
[PlyCount "37"]
[EventDate "2015.10.04"]
[EventType "swiss"]
[EventRounds "9"]
[EventCountry "ESP"]
[Source "lmi"]
[SourceDate "2015.10.04"]

1. d4 Nf6 2. c4 g6 3. Nc3 Bg7 4. Nf3 d6 5. Bg5 O-O 6. e3 c5 7. Be2 Bf5 8. O-O
Nbd7 9. Nh4 Be4 10. f3 h6 11. fxe4 hxg5 12. Nf3 Ng4 13. Qd2 cxd4 14. exd4 Qb6
15. Nd5 Qd8 16. Qxg5 Ngf6 17. Qh4 Re8 18. Ng5 Nxd5 19. Qh7+ 1-0

[Event "25. Torneo San Viator 2015 - Torneo B"]
[Site "Madrid ESP"]
[Date "2015.10.12"]
[Round "3.2"]
[White "Munoz Cebey, Ricardo"]
[Black "Ramos Antona, Enrique"]
[Result "1-0"]
[WhiteElo "1693"]
[BlackElo "1577"]
[PlyCount "71"]
[EventDate "2015.10.04"]
[EventType "swiss"]
[EventRounds "9"]
[EventCountry "ESP"]
[Source "lmi"]
[SourceDate "2015.10.04"]

1. c4 Nf6 2. Nc3 e6 3. Nf3 c6 4. g3 d5 5. b3 g6 6. Bb2 Bg7 7. Bg2 O-O 8. O-O
Nbd7 9. Qc2 Qc7 10. Rac1 Re8 11. d3 Nf8 12. Qb1 Qd6 13. Qa1 d4 14. Nxd4 e5 15.
Nf3 Bg4 16. h3 Bxf3 17. Bxf3 Rad8 18. Rfd1 Ne6 19. Bg2 Nd7 20. Ne4 Qe7 21. c5
Nexc5 22. Nxc5 Nxc5 23. Ba3 e4 24. Bxc5 Bxa1 25. Bxe7 Rxe7 26. Rxa1 exd3 27.
Rxd3 Rxd3 28. exd3 Re2 29. Bf1 Rd2 30. Kg2 f6 31. Kf3 f5 32. Ke3 Rc2 33. h4 Kf7
34. Be2 Rc5 35. d4 Rd5 36. Bc4 1-0

[Event "25. Torneo San Viator 2015 - Torneo B"]
[Site "Madrid ESP"]
[Date "2015.10.12"]
[Round "3.3"]
[White "Bustos Bernardo, Diego"]
[Black "Serrano Gonzalez, Oscar"]
[Result "1/2-1/2"]
[WhiteElo "1343"]
[BlackElo "1665"]
[PlyCount "59"]
[EventDate "2015.10.04"]
[EventType "swiss"]
[EventRounds "9"]
[EventCountry "ESP"]
[Source "lmi"]
[SourceDate "2015.10.04"]

1. d4 d5 2. c4 c6 3. Nc3 Nf6 4. Nf3 e6 5. Bg5 Be7 6. e3 O-O 7. Rc1 Nbd7 8. Bd3
dxc4 9. Bxc4 Nb6 10. Bd3 h6 11. Bh4 Nbd5 12. O-O b6 13. Bxf6 Bxf6 14. Nxd5 cxd5
15. Qc2 Bd7 16. Qc7 Qe7 17. Ba6 Bc8 18. Qxe7 Bxe7 19. Bxc8 Raxc8 20. Ne5 Bd6
21. Nc6 Rc7 22. Rc3 f5 23. Rfc1 g5 24. Ne5 Bxe5 25. Rxc7 Bxc7 26. Rxc7 Rf7 27.
Rxf7 Kxf7 28. f4 gxf4 29. exf4 h5 30. h4 1/2-1/2

[Event "25. Torneo San Viator 2015 - Torneo B"]
[Site "Madrid ESP"]
[Date "2015.10.12"]
[Round "3.4"]
[White "Alameda Arellano, Cristeto"]
[Black "Navarro Gonzalez, Jaime"]
[Result "0-1"]
[WhiteElo "1545"]
[BlackElo "1733"]
[PlyCount "42"]
[EventDate "2015.10.04"]
[EventType "swiss"]
[EventRounds "9"]
[EventCountry "ESP"]
[Source "lmi"]
[SourceDate "2015.10.04"]

1. d4 Nf6 2. c4 c5 3. d5 b5 4. cxb5 a6 5. bxa6 Bxa6 6. Nc3 d6 7. Nf3 g6 8. g3
Bg7 9. Bg2 O-O 10. O-O Nbd7 11. Rb1 Ng4 12. Bd2 Nge5 13. b3 Qb6 14. Qc2 Rfb8
15. Rfe1 Ra7 16. Na4 Qb7 17. e4 Bd3 18. Qc1 Bxb1 19. Qxb1 Rxa4 20. bxa4 Qxb1
21. Rxb1 Rxb1+ 0-1

[Event "25. Torneo San Viator 2015 - Torneo B"]
[Site "Madrid ESP"]
[Date "2015.10.12"]
[Round "3.5"]
[White "San Felipe Gonzalez, Tomas"]
[Black "Martin Garcia, Francisco Javie"]
[Result "1-0"]
[WhiteElo "1732"]
[BlackElo "1578"]
[PlyCount "37"]
[EventDate "2015.10.04"]
[EventType "swiss"]
[EventRounds "9"]
[EventCountry "ESP"]
[Source "lmi"]
[SourceDate "2015.10.04"]

1. d4 Nf6 2. Nf3 c5 3. d5 e6 4. c4 b5 5. b3 bxc4 6. bxc4 Bb7 7. Nc3 exd5 8.
cxd5 d6 9. e4 g6 10. Rb1 Qe7 11. Qa4+ Kd8 12. Be2 Bg7 13. O-O Ng4 14. Qa5+ Ke8
15. Nb5 Kf8 16. Nc7 Bxd5 17. exd5 Bd4 18. Nxd4 cxd4 19. Bxg4 1-0

[Event "25. Torneo San Viator 2015 - Torneo B"]
[Site "Madrid ESP"]
[Date "2015.10.12"]
[Round "3.6"]
[White "Sadaba Rodriguez, Igor"]
[Black "Fogue Caro, David"]
[Result "0-1"]
[WhiteElo "1693"]
[BlackElo "1568"]
[PlyCount "84"]
[EventDate "2015.10.04"]
[EventType "swiss"]
[EventRounds "9"]
[EventCountry "ESP"]
[Source "lmi"]
[SourceDate "2015.10.04"]

1. d4 Nf6 2. c4 g6 3. Nc3 Bg7 4. e4 d6 5. h3 O-O 6. Bg5 Nbd7 7. Nf3 e5 8. d5 h6
9. Be3 Nh7 10. Qd2 g5 11. Bd3 Ndf6 12. O-O-O a5 13. Nh2 Nh5 14. h4 f6 15. g3
Bh8 16. Qe2 Ng7 17. Ng4 Bxg4 18. Qxg4 Qc8 19. Qxc8 Raxc8 20. hxg5 fxg5 21. Rxh6
Rf6 22. Rxf6 Nxf6 23. Bxg5 Ng4 24. f3 Nf2 25. Rd2 Nxd3+ 26. Rxd3 Nh5 27. Bh4
Bf6 28. Bxf6 Nxf6 29. f4 Ng4 30. b3 Rf8 31. f5 Rf7 32. Kb2 Rh7 33. Rd2 Rh3 34.
Rd3 Nf6 35. Ka3 Kf8 36. Ka4 b6 37. Kb5 Ke8 38. Kc6 Kd8 39. a3 Nd7 40. b4 axb4
41. axb4 Kc8 42. Nb5 Nb8# 0-1

[Event "25. Torneo San Viator 2015 - Torneo B"]
[Site "Madrid ESP"]
[Date "2015.10.12"]
[Round "3.7"]
[White "Del Noval Perez, Jeronimo"]
[Black "Rendo Quindos, Pedro"]
[Result "1-0"]
[WhiteElo "1453"]
[BlackElo "1662"]
[PlyCount "63"]
[EventDate "2015.10.04"]
[EventType "swiss"]
[EventRounds "9"]
[EventCountry "ESP"]
[Source "lmi"]
[SourceDate "2015.10.04"]

1. e4 c5 2. Nf3 Nc6 3. d4 cxd4 4. Nxd4 g6 5. Nc3 Bg7 6. Be3 Nf6 7. f4 d6 8. Be2
a6 9. Nxc6 bxc6 10. e5 Ng8 11. exd6 exd6 12. Bd4 Nf6 13. Bf3 d5 14. Qe2+ Be6
15. g4 O-O 16. g5 Re8 17. gxf6 Bf5 18. Be5 Bxf6 19. O-O-O Bg5 20. fxg5 Qxg5+
21. Qd2 Qxd2+ 22. Rxd2 Rxe5 23. Re2 Rae8 24. Rhe1 Rxe2 25. Rxe2 Rxe2 26. Bxe2
h5 27. Bxa6 Be4 28. Nxe4 dxe4 29. Kd2 f5 30. Ke3 Kg7 31. Be2 c5 32. a4 1-0

[Event "25. Torneo San Viator 2015 - Torneo B"]
[Site "Madrid ESP"]
[Date "2015.10.12"]
[Round "3.8"]
[White "Centeno Mateos, Domingo"]
[Black "Marcelo De La Mata, Daniel"]
[Result "0-1"]
[WhiteElo "1438"]
[BlackElo "1656"]
[PlyCount "94"]
[EventDate "2015.10.04"]
[EventType "swiss"]
[EventRounds "9"]
[EventCountry "ESP"]
[Source "lmi"]
[SourceDate "2015.10.04"]

1. d4 Nf6 2. Nf3 e6 3. e3 c5 4. c3 Be7 5. Bd3 b6 6. O-O Bb7 7. Nbd2 cxd4 8.
cxd4 O-O 9. b3 Nc6 10. a3 d6 11. e4 Rc8 12. Bb2 a6 13. Qe2 b5 14. Rac1 Re8 15.
Rc2 Qd7 16. Rfc1 Bf8 17. a4 bxa4 18. Bxa6 Bxa6 19. Qxa6 Nb4 20. Qxc8 Rxc8 21.
Rxc8 axb3 22. e5 Nc2 23. Rc3 dxe5 24. dxe5 Nd5 25. Rxb3 Ndb4 26. Rc3 Qa4 27.
Rc4 Qb5 28. Rb1 h6 29. Bc1 Qa4 30. Nb3 Na3 31. Bxa3 Qxa3 32. Nc5 Qa2 33. Rcxb4
Bxc5 34. R4b2 Qa7 35. Kf1 Qa6+ 36. Kg1 Kh7 37. Rb5 Qa7 38. R5b2 Kg6 39. g4 Qa4
40. h3 h5 41. gxh5+ Kxh5 42. Kg2 g5 43. Rh1 Qf4 44. Re2 Kg6 45. Rhe1 g4 46. Nh2
gxh3+ 47. Kxh3 Bxf2 0-1

[Event "25. Torneo San Viator 2015 - Torneo B"]
[Site "Madrid ESP"]
[Date "2015.10.12"]
[Round "3.9"]
[White "Lopez Nunez, Roberto"]
[Black "Cabello Rodriguez, Raul"]
[Result "1/2-1/2"]
[WhiteElo "1405"]
[BlackElo "1615"]
[PlyCount "43"]
[EventDate "2015.10.04"]
[EventType "swiss"]
[EventRounds "9"]
[EventCountry "ESP"]
[Source "lmi"]
[SourceDate "2015.10.04"]

1. e4 e6 2. d4 d5 3. Nc3 Nf6 4. Bg5 dxe4 5. Nxe4 Be7 6. Nxf6+ Bxf6 7. Bxf6 Qxf6
8. Nf3 a6 9. Be2 O-O 10. O-O Rd8 11. c3 c5 12. Qc2 cxd4 13. Nxd4 Nd7 14. Rad1
Ne5 15. Nf3 Bd7 16. Nxe5 Qxe5 17. Bf3 Rab8 18. Rfe1 Qc7 19. Rd2 Bc6 20. Rxd8+
Rxd8 21. Bxc6 Qxc6 22. Rd1 1/2-1/2

[Event "25. Torneo San Viator 2015 - Torneo B"]
[Site "Madrid ESP"]
[Date "2015.10.12"]
[Round "3.10"]
[White "Corral Sanchez, Jesus"]
[Black "Fernandez Rodriguez, Alberto"]
[Result "1/2-1/2"]
[WhiteElo "1613"]
[BlackElo "1520"]
[PlyCount "62"]
[EventDate "2015.10.04"]
[EventType "swiss"]
[EventRounds "9"]
[EventCountry "ESP"]
[Source "lmi"]
[SourceDate "2015.10.04"]

1. d4 Nf6 2. Nf3 g6 3. Bf4 Bg7 4. h3 O-O 5. e3 d6 6. Bd3 Nbd7 7. O-O c5 8. Nbd2
Nh5 9. Bh2 e5 10. c3 f5 11. dxe5 dxe5 12. Bc4+ Kh8 13. Be6 Qe7 14. Bxd7 Bxd7
15. Nc4 e4 16. Ne1 Rad8 17. Qc2 Bb5 18. Qb3 Bxc4 19. Qxc4 Rd7 20. g3 Rfd8 21.
Rb1 Rd2 22. b4 cxb4 23. cxb4 Be5 24. Ng2 g5 25. Rbc1 R8d7 26. Qc5 Qxc5 27. Rxc5
R2d5 28. Rxd5 Rxd5 29. Rb1 b5 30. g4 Bxh2+ 31. Kxh2 fxg4 1/2-1/2

[Event "25. Torneo San Viator 2015 - Torneo B"]
[Site "Madrid ESP"]
[Date "2015.10.12"]
[Round "3.11"]
[White "Cabezas Lopez, Mercedes"]
[Black "Garcia Rojas, Juan Carlos"]
[Result "1/2-1/2"]
[WhiteElo "1605"]
[BlackElo "1489"]
[PlyCount "149"]
[EventDate "2015.10.04"]
[EventType "swiss"]
[EventRounds "9"]
[EventCountry "ESP"]
[Source "lmi"]
[SourceDate "2015.10.04"]

1. c4 d6 2. Nc3 e5 3. e3 Nc6 4. a3 g6 5. Be2 Bg7 6. b4 b6 7. b5 Nce7 8. Nf3 Nf6
9. Bb2 O-O 10. O-O Bb7 11. Rc1 c5 12. d3 Re8 13. Rc2 Qc7 14. e4 Rad8 15. Qa1
Nh5 16. Rfc1 Nf4 17. Bf1 Bc8 18. Ne1 Ne6 19. Ne2 f6 20. Nf3 Bh6 21. Rd1 Nf4 22.
Nxf4 Bxf4 23. Bc1 Bxc1 24. Qxc1 f5 25. h4 f4 26. Ng5 h6 27. Nf3 Bg4 28. Be2 Kg7
29. Rf1 Ng8 30. g3 Rf8 31. Qd1 Qd7 32. Nh2 Bh3 33. Bg4 Bxg4 34. Nxg4 f3 35. Ne3
h5 36. Kh2 Nf6 37. Rh1 Ng4+ 38. Kg1 Nxe3 39. fxe3 Qg4 40. Kf2 Rf6 41. Qf1 Rdf8
42. Qh3 Rh8 43. Ke1 Rhf8 44. Rf2 Kh6 45. Qxg4 hxg4 46. Kd2 Kh5 47. a4 a5 48.
Kc3 g5 49. hxg5+ Kxg5 50. d4 exd4+ 51. exd4 Re8 52. Re1 Rfe6 53. Kd3 cxd4 54.
Kxd4 Re5 55. Re3 Rc8 56. Rc3 Rcc5 57. Rf1 Kf6 58. Rf2 Rh5 59. Rc1 Ke7 60. Ke3
Rh3 61. Kf4 Rhh5 62. Kxg4 Ke6 63. Rxf3 Rcg5+ 64. Kf4 Rg7 65. Ke3 Rhg5 66. Kf2
Rc7 67. Rf4 Rgc5 68. g4 Rxc4 69. Rxc4 Rxc4 70. g5 Rc5 71. Rg4 Kf7 72. Ke3 Kg6
73. Kf4 Rc1 74. Rg3 Rf1+ 75. Rf3 1/2-1/2

[Event "25. Torneo San Viator 2015 - Torneo B"]
[Site "Madrid ESP"]
[Date "2015.10.12"]
[Round "3.13"]
[White "Castro Uceda, Jose Antonio"]
[Black "Perez Perez, Marta"]
[Result "1-0"]
[WhiteElo "1582"]
[BlackElo "1338"]
[PlyCount "61"]
[EventDate "2015.10.04"]
[EventType "swiss"]
[EventRounds "9"]
[EventCountry "ESP"]
[Source "lmi"]
[SourceDate "2015.10.04"]

1. d4 Nf6 2. c4 c5 3. dxc5 Qa5+ 4. Nc3 Qxc5 5. e3 g6 6. Nf3 Bg7 7. Be2 O-O 8.
O-O d6 9. Bd3 Nbd7 10. Rb1 b6 11. h3 Bb7 12. e4 Ne5 13. Nxe5 Qxe5 14. Re1 Qc5
15. Be3 Qc6 16. Qd2 Rfe8 17. b3 e6 18. Rbc1 d5 19. cxd5 exd5 20. Nxd5 Qd6 21.
Nc7 Red8 22. Nxa8 Bxa8 23. f3 Bb7 24. Red1 Qe7 25. Qc2 Ne8 26. Bc4 Rc8 27. Qd2
Rb8 28. Qd7 Qxd7 29. Rxd7 Kh8 30. Bxf7 Nf6 31. Rxb7 1-0

[Event "25. Torneo San Viator 2015 - Torneo B"]
[Site "Madrid ESP"]
[Date "2015.10.12"]
[Round "3.14"]
[White "Martinez Sanz, Ignacio"]
[Black "Jimenez Perez, Federico"]
[Result "1-0"]
[WhiteElo "1644"]
[BlackElo "1371"]
[PlyCount "105"]
[EventDate "2015.10.04"]
[EventType "swiss"]
[EventRounds "9"]
[EventCountry "ESP"]
[Source "lmi"]
[SourceDate "2015.10.04"]

1. d4 d6 2. c4 Nf6 3. Nc3 Nbd7 4. Nf3 e5 5. d5 Be7 6. e4 O-O 7. Bd3 c6 8. h3
Nc5 9. Be3 Qb6 10. Rb1 Qd8 11. Bxc5 dxc5 12. Nxe5 Bd6 13. Nf3 Bc7 14. O-O Nh5
15. Qd2 Bf4 16. Qc2 g6 17. Rbd1 Bd7 18. Rfe1 Re8 19. e5 Qc8 20. Ne4 Bxh3 21.
gxh3 Qxh3 22. Ng3 Qg4 23. Qe2 Rad8 24. dxc6 bxc6 25. Bc2 Rb8 26. b3 Re7 27. Nh2
Qh3 28. Qg4 Qxg4 29. Nxg4 a5 30. Nxh5 gxh5 31. Nf6+ Kh8 32. Rd7 Rxe5 33. Rxe5
Bxe5 34. Rxf7 Bxf6 35. Rxf6 Rg8+ 36. Kf1 Rg5 37. Rxc6 h4 38. Rh6 Kg7 39. Rxh7+
Kf6 40. Rxh4 Ke5 41. Re4+ Kd6 42. f4 Rh5 43. Kg2 Rh4 44. f5 Rxe4 45. Bxe4 Ke5
46. Bb1 Kf6 47. Kf3 Ke5 48. Bc2 Kf6 49. Kf4 Kf7 50. Ke5 Ke7 51. Kd5 a4 52. Kxc5
axb3 53. axb3 1-0

[Event "25. Torneo San Viator 2015 - Torneo B"]
[Site "Madrid ESP"]
[Date "2015.10.12"]
[Round "3.15"]
[White "Carnero Barbulo, Daniel"]
[Black "Blanco Ruiz, Cesar"]
[Result "0-1"]
[WhiteElo "1346"]
[BlackElo "1630"]
[PlyCount "48"]
[EventDate "2015.10.04"]
[EventType "swiss"]
[EventRounds "9"]
[EventCountry "ESP"]
[Source "lmi"]
[SourceDate "2015.10.04"]

1. d4 Nf6 2. c4 g6 3. Nc3 d5 4. Bg5 Bg7 5. e3 O-O 6. Nf3 Ne4 7. Nxe4 dxe4 8.
Nd2 c5 9. Nxe4 cxd4 10. exd4 Qxd4 11. Qxd4 Bxd4 12. Rb1 Bf5 13. Bd3 Nc6 14. Be3
Rfd8 15. Bxd4 Rxd4 16. O-O Bxe4 17. Bxe4 Rxe4 18. b3 Rd8 19. f3 Re2 20. Rf2
Rxf2 21. Kxf2 Rd2+ 22. Kg3 Rxa2 23. Rd1 Rb2 24. Rd7 Rxb3 0-1

[Event "25. Torneo San Viator 2015 - Torneo B"]
[Site "Madrid ESP"]
[Date "2015.10.12"]
[Round "3.16"]
[White "Hidalgo Prado, David"]
[Black "Rivera Rodriguez, Luis Fernand"]
[Result "1-0"]
[WhiteElo "1597"]
[BlackElo "1245"]
[PlyCount "127"]
[EventDate "2015.10.04"]
[EventType "swiss"]
[EventRounds "9"]
[EventCountry "ESP"]
[Source "lmi"]
[SourceDate "2015.10.04"]

1. e4 e5 2. Nf3 Nc6 3. Bb5 a6 4. Ba4 Nf6 5. Qe2 b5 6. Bb3 Bc5 7. c3 d6 8. d3
Be6 9. Bc2 Ne7 10. Be3 Ng6 11. O-O O-O 12. d4 exd4 13. cxd4 Ba7 14. d5 Bd7 15.
Bxa7 Rxa7 16. b4 Re8 17. Nbd2 Nxd5 18. a3 Ngf4 19. Qe1 Bg4 20. Nd4 Qd7 21. f3
Bh5 22. Qh4 Ne3 23. Qxf4 Nxf1 24. Nxf1 c5 25. Nf5 Re5 26. Rd1 g5 27. Qxg5+ Bg6
28. Nh6+ Kg7 29. Nf5+ Kg8 30. Rxd6 Qxd6 31. Nxd6 Rxg5 32. f4 Rh5 33. f5 cxb4
34. axb4 Rd7 35. e5 Rxd6 36. exd6 Bxf5 37. Ng3 Bxc2 38. Nxh5 Bf5 39. Nf6+ Kf8
40. Kf2 h6 41. Ke3 Bc8 42. d7 Bxd7 43. Nxd7+ Ke7 44. Nc5 Kd6 45. Kd4 f5 46. g3
h5 47. Nxa6 h4 48. Nc5 hxg3 49. hxg3 Ke7 50. Ke5 f4 51. gxf4 Kf7 52. Nb3 Ke7
53. Nd4 Kf7 54. Nxb5 Ke7 55. Nd4 Kf7 56. Nc6 Kf8 57. b5 Kf7 58. b6 Ke8 59. Ke6
Kf8 60. b7 Kg7 61. b8=Q Kh7 62. Qe5 Kh6 63. Qg5+ Kh7 64. Kf7 1-0